Borders of Belarus - Statistics

General Stats
  • This quiz has been taken 28 times
  • The average score is 4 of 5
Answer Stats
Size Answer % Correct
17,098,242 km² Russia
100%
603,550 km² Ukraine
95%
312,696 km² Poland
90%
64,589 km² Latvia
80%
65,300 km² Lithuania
80%
No matching quizzes found
Score Distribution
Percent of People with Each Score
Percentile by Number Answered
Your Score History
You have not taken this quiz